Poética do saudosismo (Registo nº 201365)

Detalhes MARC
000 -Etiqueta do registo
Valores 00585nam 22002053 4500
021 ## - Número do Depósito Legal
Código do país Portugal
Número 21817
100 ## - Dados gerais de processamento
Dados gerais 20260318d u||y0pory50 ba
200 ## - Titulo e menção de responsabilidade
Título próprio Poética do saudosismo
Primeira menção de responsabilidade Fernando Guimarães
205 ## - Menção da edição
Edição
210 ## - Publicação
Local de publicação Lisboa
Nome do editor Presença
Data de publicação 1988
215 ## - Descrição física 
Paginação / Volumes 212 p.
Outras indicações físicas brochado
Dimensões 21 cm
225 ## - Colecção 
Título próprio da colecção Biblioteca de textos universitários
Número de parte ou secção 94
606 ## - Nome comum usado como assunto
ID Autoridade 3661
Palavra de ordem Crítica Literária.Estudos Literários
675 ## - CDU
Notação 82.09
Edição PT
Língua por
700 ## - Autor principal (pessoa individual)
ID Autoridade 4823
Apelido Guimarães
Nome Fernando
Datas 1928-
801 ## - Fonte de origem
País PT
Agência BMMN
Regras de catalogação RPC
830 ## - Notas gerais do catalogador
Criado por Vanda
990 ## - Elementos KOHA
Tipo de documento Livro
Exemplares
Situação do levantamento Biblioteca de origem Código de barras Cota Permissão de empréstimo Tipo de documento Forma de aquisição
  Biblioteca Municipal de Montemor-o-Novo 30687 82.09 GUI|DEP   Livro Compra

Powered by Koha